Miasta w Polsce o identycznej nazwie - Statystyki

Ogólne statystyki
  • Ten quiz został rozwiązany 2 245 razy
  • Średni wynik to 2 z 6
Statystyki odpowiedzi
Województwo #1 Populacja #1 Nazwa Populacja #2 Województwo #2 % Poprawnych
warmińsko-mazurskie 167 844 Olsztyn 2 497 śląskie
97%
dolnośląskie 37 160 Bolesławiec 1 150 łódzkie
27%
dolnośląskie 35 210 Oleśnica 1 722 świętokrzyskie
26%
mazowieckie 21 140 Józefów 2 335 lubelskie
19%
zachodniopomorskie 2 025 Dobra 1 341 wielkopolskie
14%
opolskie 1 798 Ujazd 1 542 łódzkie
14%
Nie znaleziono quizów pasujących do podanych kryteriów
Rozkład punktacji
Procent ludzi z każdym wynikiem
Percentyl według liczby udzielonych odpowiedzi
Twoja historia wyników
Nie rozwiązałeś tego quizu